00430nam a2200145Ia 4500003000400000005001700004008004100021040000900062082001800071100004500089245007800134260004300212300000900255650002000264OSt20200320140933.0190216s9999||||xx |||||||||||||| ||und|| coclc a297.63bHAY/L aHaykal, Muḥammad Ḥusayn, d1888-1956 4aThe life of Muḥammad = Hayat-e-Muhammad /c Muḥammad Ḥusayn Haykal  bNew Crescent Publishing,c1992.aDelhi a640p aIslamic History